Integration of process knowledge into design support systems : proceedings of the 1999 CIRP International Design Seminar, University of Twelve, Enschede, The Netherlands, 24-26 March, 1999

Αποθηκεύτηκε σε:
Λεπτομέρειες βιβλιογραφικής εγγραφής
Συγγραφή απο Οργανισμό/Αρχή: CIRP International Design Seminar Enschede, Netherlands
Άλλοι συγγραφείς: Kals, Hubert (Επιμελητής έκδοσης), Houten, Fred van (Επιμελητής έκδοσης)
Μορφή: Πρακτικό Συνεδρίου Βιβλίο
Γλώσσα:English
Δημοσίευση: Dordrecht : Kluwer Academic Publishers, c1999.
Θέματα:
Ετικέτες: Προσθήκη ετικέτας
Δεν υπάρχουν, Καταχωρήστε ετικέτα πρώτοι!

MARC

LEADER 00000cam a2200000 i 4500
001 1/57075
008 071008s1999 eng d
020 |a 0792356551  
035 |l 10091256 
040 |a GR-MyUa  |b gre  |e AACR2 
041 0 |a eng 
082 7 |a 745.2   |2 (22) 
111 2 |a CIRP International Design Seminar   |d (1999 :   |c Enschede, Netherlands) 
245 1 0 |a Integration of process knowledge into design support systems :   |b proceedings of the 1999 CIRP International Design Seminar, University of Twelve, Enschede, The Netherlands, 24-26 March, 1999 /   |c edited by Hubert Kals and Fred van Houten. 
260 |a Dordrecht :   |b Kluwer Academic Publishers,   |c c1999. 
300 |a xi, 472 σ. :   |b εικ. ;   |c 25 εκ. 
504 |a  Περιλαμβάνει βιβλιογραφίες και ευρετήρια. 
650 0 |a Industrial design  |v Congresses. 
650 0 |a Computer integrated manufacturing systems  |x Congresses. 
650 0 |a Computer-aided design  |x Congresses. 
650 0 |a Production engineering  |x Congresses. 
700 1 |a Kals, Hubert,  |e edt 
700 1 |a Houten, Fred van,  |e edt 
852 |a INST  |b SYROS  |e 20071008  |h 745.2 CIR  |p 005500007078  |q 005500007078  |t BK  |y 0 
901 |a BIBL5-2007-3 
922 |a 5ΕΛΗ  |b 200707  |c ΕΠΕΑΕΚ2/ΤΜΣΠΣ  |d ΠΑΠΑΣΩΤΗΡΙΟΥ 
970 |a Κοντού  |b Παρασκευή  |z 08/10/2007